The science of interstellar (Record no. 19381)

MARC details
000 -LEADER
fixed length control field 00512nam a2200181Ia 4500
003 - CONTROL NUMBER IDENTIFIER
control field IN-BaIIA
008 - FIXED-LENGTH DATA ELEMENTS--GENERAL INFORMATION
fixed length control field 211028s9999 xx 000 0 eng d
020 ## - INTERNATIONAL STANDARD BOOK NUMBER
International Standard Book Number 978-0-393-35137-8
040 ## - CATALOGING SOURCE
Transcribing agency IIA Library
080 ## - UNIVERSAL DECIMAL CLASSIFICATION NUMBER
Universal Decimal Classification number 524.5
Item number THO
100 ## - MAIN ENTRY--PERSONAL NAME
Personal name Thorne, Kip
9 (RLIN) 37060
245 #4 - TITLE STATEMENT
Title The science of interstellar
Statement of responsibility, etc. Kip Thorne
260 ## - PUBLICATION, DISTRIBUTION, ETC.
Place of publication, distribution, etc. New York
Name of publisher, distributor, etc. W. W Norton
Date of publication, distribution, etc. 2014
300 ## - PHYSICAL DESCRIPTION
Extent x, 324p.
650 ## - SUBJECT ADDED ENTRY--TOPICAL TERM
Topical term or geographic name entry element Interstellar
9 (RLIN) 37061
650 ## - SUBJECT ADDED ENTRY--TOPICAL TERM
Topical term or geographic name entry element Science
9 (RLIN) 1299
942 ## - ADDED ENTRY ELEMENTS (KOHA)
Koha item type Books
Holdings
Withdrawn status Lost status Damaged status Not for loan Home library Current library Shelving location Date acquired Total Checkouts Full call number Barcode Date last seen Price effective from Koha item type
        IIA Library-Bangalore IIA Library-Bangalore General Stacks 31/12/2018   524.5/ THO 20303 05/11/2021 31/12/2018 Books

Powered by Koha